| 000 | 00476nam a22001337a 4500 | ||
|---|---|---|---|
| 999 |
_c122139 _d122139 |
||
| 005 | 20210428153425.0 | ||
| 008 | 210428b ||||| |||| 00| 0 eng d | ||
| 040 | _cPK-LaUMT | ||
| 082 |
_aRHC 320.53105 _bCHA- |
||
| 245 |
_aCharagh-i-rah [monthly, 1967] = چراغ راہ (ماہنامہ: _bsocialism number = سوشلزم نمبر/ _cedited by khurshid Ahmad, Ahmad Ans and Mumtaz Ahmad |
||
| 260 |
_aKarachi : _bIdarah Moarf-i-Islami, _c1967 |
||
| 300 | _a307 p | ||
| 942 | _cBK | ||